Statistics for 5 Biggest Cities : Syria

Click here to take the quiz!

General Stats

  • This quiz has been taken 68 times
  • The average score is 3 of 5

Answer Stats

Rank City % Correct
2Damascus
100%
1Aleppo
92%
3Homs
65%
4Hama
37%
5Latakia
37%

Score Distribution

Percentile by Number Answered

Percent of People with Each Score

Your Score History

You have not taken this quiz